[Event "Bouhjar BICA Blitz op 04"]
[Site "Bouhjar"]
[Date "2021.04.04"]
[Round "8"]
[White "Charfeddine, Khaled"]
[Black "Bousrih, Maher"]
[Result "1-0"]
[WhiteElo "1781"]
[BlackElo "1799"]
[PlyCount "73"]
[EventDate "2021.04.04"]
[EventType "swiss (blitz)"]
[EventRounds "9"]
[EventCountry "TUN"]
[SourceTitle "CBM 201 Extra"]
[Source "ChessBase"]
[SourceDate "2021.05.31"]
[SourceVersion "1"]
[SourceVersionDate "2021.05.31"]
[SourceQuality "1"]

1. d4 Nf6 2. c4 e6 3. Nc3 Bb4 4. Qc2 c5 5. e3 Bxc3+ 6. Qxc3 cxd4 7. exd4 0-0 8. Nf3 h6 9. Be2 d5 10. c5 Ne4 11. Qc2 Nc6 12. a3 Bd7 13. 0-0 f6 14. Bd3 f5 15. b4 a6 16. Bf4 Rc8 17. Ne5 Nf6 18. Nxc6 Bxc6 19. Rfe1 Qd7 20. f3 Nh5 21. Bd6 Rfe8 22. Re2 Nf4 23. Bxf4 g5 24. Be5 Qf7 25. Rae1 b6 26. Bxa6 Ra8 27. Qd3 b5 28. Bxb5 Bxb5 29. Qxb5 Rxa3 30. c6 g4 31. fxg4 fxg4 32. Rf1 Qg6 33. c7 Raa8 34. Rf6 Qb1+ 35. Rf1 Qb3 36. Qd7 Qxb4 37. Qg7# 1-0